1887 1472 1422 1494 1045 1943 1403 1650 1233 1892 1750 1022 1339 1068 1831 1293 1294 1281 1728 1070 1761 1496 1424 1964 1706 1518 1150 1954 1505 1409 1652 1051 1467 1662 1108 1969 1746 1032 1611 1826 1852 1772 1884 1492 1747 1724 1603 1343 1108 1265 1738 1085 1698 1652 1114 1624 1821 1968 1120 1092 1360 1264 1591 1033 1613 1916 1531 1834 1119 1537 1963 1199 1556 1486 1628 1542 1394 1952 1415 1684 1282 1378 1600 1042 1697 1954 1740 1441 1321 1972 1506 1937 1320 1884 1872 1763 1166 1968 1353 BCNSPRNW ULIB Ver.6.0+V

เปลี่ยนเป็นภาษาไทย

Change to English
 แสดงรายละเอียดบรรณานุกรม
  กลับหน้าหลัก

Brief Record : Get Marc (ISO 2709) : E-mail record : QR code < ปิดหน้าต่าง
LEADER : 00000nam 2200000uu 4500
001    13399122550
003     ULIB
008    020711s2549 th a 000 0 tha d
020    9743414061
020    9789743414060
090    นว.^bอ111พ
100    อาธา คริสตี้,^eเขียน
245    พยานใบ้./^cอาธา คริสตี้;เขียน,เปี่ยมสุข;แปล
250    พิมพ์ครั้งที่ 1
260    กรุงเทพฯ :^bสร้างสรรค์บุ๊คส์,^c2549
300    334 หน้า
700    เปี่ยมสุข,^eแปล
945    ^p140^l0^i19998
999    ^aทศพร เกษรทอง
รายการนี้ยังไม่มีแท็ก
คุณยังไม่ได้ล็อกอิน คุณสามารถมีกิจกรรมร่วมกับเว็บไซต์ได้ แต่ต้องล็อกอินก่อน ::
  ล็อกอิน

รายการสื่อสารสนเทศ

ลำดับที่ ประเภท เลขเรียก/บาร์โค้ด สถานที่ สถานะ
1. นวนิยาย
นวนิยาย
นว. อ111พ ฉ.1 
  Barcode: 19998
ห้องสมุดวิทยาเขตสวรรค์ประชารักษ์
►นวนิยาย
บนชั้น
  ขอยืม

BibComment


ยังไม่เคยถูกคอมเมนท์

คอมเมนท์ทรัพยากรรายการนี้
  คอมเมนท์: พยานใบ้ อาธา คริส..


 Copyright 2026. Bcnsprnw @Library